飲料ブランドのロゴクイズ - Statistics

General Stats
  • This quiz has been taken 281 times
  • The average score is 36 of 50
Answer Stats
Picture Answer % Correct
お~いお茶
100%
キリン
99%
三ツ矢サイダー
98%
スターバックスコーヒー
91%
なっちゃん
90%
カルピス
90%
コカ・コーラ
90%
サッポロビール
89%
ファンタ
89%
いろはす
89%
オロナミンCドリンク
88%
C.C.Lemon
87%
午後の紅茶
85%
伊藤園
85%
ポカリスエット
85%
アサヒ飲料
85%
モンスターエナジー
85%
Qoo
85%
綾鷹
83%
明治
83%
ヤクルト
83%
タリーズコーヒー
82%
アクエリアス
82%
ドトールコーヒー
82%
サントリー
82%
ペプシコーラ
82%
レッドブル
80%
スプライト
76%
BOSS
75%
オリオンビール
74%
ウィルキンソン
73%
ダイドードリンコ
72%
雪印メグミルク
71%
Lipton
61%
ゴンチャ
59%
スジャータめいらく
56%
森永乳業
53%
ネスレ
53%
ZONe ENERGY
53%
ドクターペッパー
50%
エビアン
48%
ポッカサッポロ
46%
キーコーヒー
44%
ハイネケン
43%
ニッカウヰスキー
43%
マウントレーニア
42%
Dole
40%
マウンテンデュー
38%
カナダドライジンジャーエール
37%
メイトー
22%
No matching quizzes found
Score Distribution
Percent of People with Each Score
Percentile by Number Answered
Your Score History
You have not taken this quiz